000 02436nam a2200265Ii 4500
008 221202s xx 000 0 und d
245 0 _aDimensions of Heritage and Memory
246 _aMultiple Europes and the Politics of Crisis, 1st Edition
264 _bTaylor & Francis
_c2019
300 _a1 online resource (238 pages)
336 _atext
_btxt
_2rdacontent
337 _acomputer
_bc
_2rdamedia
338 _aonline resource
_bcr
_2rdacarrier
520 _aDimensions of Heritage and Memory is a landmark contribution on the politics of the past in Europe today. The book explores the meanings of heritage in a time of crisis, when the past permeates social and political divisions, identity contests and official projects to forge a European community. Providing an overview of the literature and an analysis of the assumptions, values and philosophies embedded within European-level policy, the book explores different dimensions of heritage and memory, from official sites, museums and policy, to party politics, historical re-enactments and the everyday ways in which people use the past to make sense of who they are. The volume explores how different understandings of and attachments to the European past produce different 'Europes' in the present, accounting for today's tense social and political relations. The book also explores formative histories for European identities that are neglected or hidden because of political circumstances and non-official heritage. Contributors consider the meanings of interlocking crises, such as economic fallout, xenophobia and the fragmentation of the EU, for new understandings of Europe's past in the present. Dimensions of Heritage and Memory will be of great interest to researchers, academics and postgraduate students in the fields of heritage and memory studies, museum studies, history, cultural studies, sociology, anthropology and politics. The book will also be interesting to practitioners and cultural heritage policy-makers.
653 _aCrisis
653 _aEuropean Community
653 _aHeritage
653 _aPolicy
700 1 _aBozoğlu, Gönül
700 1 _aDaugbjerg, Mads
700 1 _aEckersley, Susannah
700 1 _aWhitehead, Christopher
856 _uhttps://docs.google.com/spreadsheets/d/1yKIrdCPDAG_9c22mwoOIO2DOhtj65Wqa/edit?usp=sharing&ouid=106555315294820607512&rtpof=true&sd=true
_yList of Curated E-Books
942 _cE-BOOK
999 _c92918
_d92915